000 01099 a2200265 4500
001 62587
005 20260407155919.0
008 260407a2023 arg spa d
003 AR-UNSa-BCEJYS
040 _aAR-UNSa-BCEJYS
_bspa
_cAR-UNSa-BCEJYS
080 _a26(09)(82)
_xHistoria de la Iglesia en Argentina
245 1 0 _aLa verdad los hará libres
020 _a978-950-49-7993-7
264 1 _aBuenos Aires :
_bPlaneta
_c2023
300 _a3 v.
_c24 cm.
505 _aVol. I: La Iglesia católica en la espiral de violencia en la Argentina 1966-1983 -- Vol. II: La Conferencia Episcopal Argentina y la Santa Sede frente al terrorismo de Estado 1976-1983. El terror, el drama y las culpas. -- Vol. III: Interpretaciones sobre la Iglesia en la Argentina 1966-1983.
041 _aspa
942 _cBK
590 _aniveau_biblio:m niveau_hierar:0
100 1 _aGalli, Carlos María
700 1 _aDurán, Juan Guillermo
700 1 _aLiberti, Luis O.
700 1 _aTavelli, Federico
856 4 1 _uhttp://www.biblioeco.unsa.edu.ar/pmb/images/libros/L129360.jpg
_yImagen de portada
_qimage/jpeg
999 _c7715
_d7715